000 01653nam a22004818c 4500
001 1347678778
003 DE-101
005 20250110013641.0
007 tu
008 241108s2024 gw ||||| |||| 00||||ger
015 _a24,N46
_2dnb
016 7 _2DE-101
_a1347678778
020 _a9783982076287
_cGewebe
020 _a3982076285
024 3 _a9783982076287
035 _a(DE-599)DNB1347678778
035 _a(OCoLC)1468578855
040 _a1245
_bger
_cDE-101
_d9999
041 _ager
044 _cXA-DE-HE
082 7 4 _82\p
_a000
_qDE-101
_223sdnb
245 0 0 _aGothaisches Genealogisches Handbuch der fürstlichen Häuser (GGH Band 19)
250 _a1. Auflage
263 _a202412
264 1 _aMarburg
_bStiftung Deutsches Adelsarchiv
_c2024
300 _a630 Seiten
_c17 cm
336 _aText
_btxt
_2rdacontent
337 _aohne Hilfsmittel zu benutzen
_bn
_2rdamedia
338 _aBand
_bnc
_2rdacarrier
490 1 _aGothaisches Genealogisches Handbuch. der fürstlichen Häuser
_v19
653 _a(Produktform)Hardback
653 _a(Zielgruppe)Fachpublikum/ Wissenschaft
653 _aAdel
653 _aGenealogien
653 _aFürstliche Häuser
653 _aFürsten
653 _a(VLB-WN)1919: Hardcover, Softcover / Sachbücher/Lexika, Nachschlagewerke/Sonstiges
710 2 _81\p
_aStiftung Deutsches Adelsarchiv
_eHerausgebendes Organ
_4isb
830 0 _aGothaisches Genealogisches Handbuch. der fürstlichen Häuser
_v19
883 1 _81\p
_avlb
_d20241108
_qDE-101
_uhttps://d-nb.info/provenance/plan#vlb
883 1 _82\p
_avlb
_d20241108
_qDE-101
_uhttps://d-nb.info/provenance/plan#vlb
942 _2ddc
_cBK
_n1
999 _c243
_d243